Statistics for Atlanta Hawks Top 10 Leaders

Click here to take the quiz!

General Stats

  • This quiz has been taken 114 times
  • The average score is 11 of 24

Answer Stats

Answer% Correct
Dominique Wilkins
98%
Lenny Wilkens
96%
Al Horford
80%
Bob Pettit
79%
Josh Smith
73%
Eddie Johnson
70%
Joe Johnson
70%
Dikembe Mutombo
69%
Jeff Teague
60%
Doc Rivers
44%
Lou Hudson
44%
Mookie Blaylock
38%
Kevin Willis
38%
Tree Rollins
37%
Stacey Augmon
23%
Cliff Hagan
22%
John Drew
20%
Dan Roundfield
20%
Jason Terry
20%
Jon Koncak
19%
Bill Bridges
17%
Theo Ratliff
17%
Zelmo Beaty
14%
Cliff Levingston
14%

Score Distribution

Percentile by Number Answered

Percent of People with Each Score

Your Score History

You have not taken this quiz